П. М. Кошаров. Рисунок, живопись, литография: каталог-альбом

Λεπτομέρειες βιβλιογραφικής εγγραφής
Συγγραφή απο Οργανισμό/Αρχή: Томский государственный университет (ТГУ) Научная библиотека
Άλλοι συγγραφείς: Колосова Г. И. (автор составитель)
Περίληψη:Каталог знакомит с коллекцией рисунков, живописных и литографических работ сибирского художника П.М. Кошарова (1824-1902), хранящейся в фонде Научной библиотеки ТГУ. В каталог-альбом включены не только описания работ художника, но и их репродукции. Для всех интересующихся историй и искусством Сибири XIX столетия.
Γλώσσα:Ρωσικά
Έκδοση: Томск, Издательский Дом ТГУ, 2018
Θέματα:
Μορφή: MixedMaterials Βιβλίο
KOHA link:https://koha.lib.tpu.ru/cgi-bin/koha/opac-detail.pl?biblionumber=342317

MARC

LEADER 00000nam0a2200000 4500
001 342317
005 20231102005435.0
010 |a 9785946217316 
035 |a (RuTPU)RU\TPU\book\371045 
090 |a 342317 
100 |a 20190124d2018 km y0rusy50 ca 
101 0 |a rus 
102 |a RU 
105 |a a z 001zb 
200 1 |a П. М. Кошаров. Рисунок, живопись, литография  |e каталог-альбом  |f Томский государственный университет (ТГУ), Научная библиотека ; авт.-сост. Г. И. Колосова 
210 |a Томск  |c Издательский Дом ТГУ  |d 2018 
215 |a 380 с.  |c ил. 
317 |5 63413507: 19-52  |a Получен в дар от ОРКП НБ ТГУ 
320 |a Библиография работ о творчестве П. М. Кошарова: с. 376-378 
330 |a Каталог знакомит с коллекцией рисунков, живописных и литографических работ сибирского художника П.М. Кошарова (1824-1902), хранящейся в фонде Научной библиотеки ТГУ. В каталог-альбом включены не только описания работ художника, но и их репродукции. Для всех интересующихся историй и искусством Сибири XIX столетия. 
600 1 |a Кошаров  |b П. М.  |c российский (томский) художник  |f 1824-1902  |g Павел Михайлович  |y Томск  |2 stltpush  |3 (RuTPU)RU\TPU\pers\14708  |9 4914 
606 1 |a Живописцы  |2 stltpush  |3 (RuTPU)RU\TPU\subj\10834  |9 37852 
610 1 |a искусство 
610 1 |a живопись 
610 1 |a художники 
610 1 |a биография 
610 1 |a Томск 
610 1 |a рисунок 
610 1 |a литография 
610 1 |a альбомы 
610 1 |a дары библиотеке 
675 |a 75.071(084)  |v 4 
702 1 |a Колосова  |b Г. И.  |4 070  |4 220 
712 0 2 |a Томский государственный университет (ТГУ)  |b Научная библиотека  |2 stltpush  |3 (RuTPU)RU\TPU\col\3244 
801 1 |a RU  |b 63413507  |c 20190124 
801 2 |a RU  |b 63413507  |c 20190218  |g RCR 
942 |c BK